[Event "HUN-chT2 Toth 1516"]
[Site "Hungary"]
[Date "2016.04.17"]
[Round "11.8"]
[White "Visnyei, Illes"]
[Black "Ottlakan, Peter"]
[Result "1/2-1/2"]
[WhiteElo "1957"]
[BlackElo "1791"]
[PlyCount "47"]
[EventDate "2015.09.13"]
[EventType "team-tourn"]
[EventRounds "11"]
[EventCountry "HUN"]
[SourceTitle "EXT 2017"]
[Source "ChessBase"]
[SourceDate "2016.10.25"]
[SourceVersion "1"]
[SourceVersionDate "2016.10.25"]
[SourceQuality "1"]
[WhiteTeam "Bekes"]
[BlackTeam "Gyula"]
[WhiteTeamCountry "HUN"]
[BlackTeamCountry "HUN"]

1. d4 Nf6 2. e3 g6 3. Bd3 d5 4. Nd2 Bg7 5. c3 0-0 6. f4 Bg4 7. Ngf3 b6 8. h3 Bd7 9. Ne5 c5 10. Qf3 e6 11. b4 c4 12. Be2 Nh5 13. g4 Qh4+ 14. Qf2 Qxf2+ 15. Kxf2 Nf6 16. e4 dxe4 17. Nxd7 e3+ 18. Kxe3 Nd5+ 19. Kf3 Nxd7 20. Bb2 b5 21. a4 a6 22. axb5 axb5 23. Rxa8 Rxa8 24. Ra1 1/2-1/2

[Event "HUN-chT2 Toth 1516"]
[Site "Hungary"]
[Date "2016.04.03"]
[Round "10.10"]
[White "Ottlakan, Peter"]
[Black "Marton, Attila"]
[Result "1-0"]
[WhiteElo "1791"]
[BlackElo "1795"]
[PlyCount "87"]
[EventDate "2015.09.13"]
[EventType "team-tourn"]
[EventRounds "11"]
[EventCountry "HUN"]
[SourceTitle "EXT 2017"]
[Source "ChessBase"]
[SourceDate "2016.10.25"]
[SourceVersion "1"]
[SourceVersionDate "2016.10.25"]
[SourceQuality "1"]
[WhiteTeam "Gyula"]
[BlackTeam "Takisz"]
[WhiteTeamCountry "HUN"]
[BlackTeamCountry "HUN"]

1. d4 Nf6 2. Nf3 g6 3. e3 Bg7 4. Be2 0-0 5. 0-0 d6 6. c4 Nbd7 7. Nc3 Re8 8. e4 e5 9. Bg5 h6 10. Bh4 g5 11. dxe5 Nxe5 12. Nxe5 Rxe5 13. Bg3 Re8 14. Qc2 Be6 15. Rad1 Qe7 16. Rfe1 Rad8 17. Nd5 Bxd5 18. exd5 Qf8 19. Qf5 Re7 20. Bd3 Qe8 21. f4 Qd7 22. Rxe7 Qxe7 23. Re1 Qd7 24. fxg5 Qxf5 25. Bxf5 hxg5 26. Re7 Ne8 27. b3 Kf8 28. Re1 Bd4+ 29. Kf1 Ng7 30. Bd3 Re8 31. Rxe8+ Kxe8 32. Be1 Be5 33. h4 gxh4 34. Bxh4 f5 35. Bg5 Kf7 36. Kf2 Kg6 37. Bd8 c6 38. dxc6 bxc6 39. g4 Bf6 40. Bc7 d5 41. cxd5 cxd5 42. gxf5+ Nxf5 43. Kf3 Kg5 44. Bf4+ 1-0

[Event "HUN-chT2 Toth 1516"]
[Site "Hungary"]
[Date "2016.02.28"]
[Round "8.9"]
[White "Fekete, Alex"]
[Black "Ottlakan, Peter"]
[Result "1-0"]
[WhiteElo "1794"]
[BlackElo "1791"]
[PlyCount "111"]
[EventDate "2015.09.13"]
[EventType "team-tourn"]
[EventRounds "11"]
[EventCountry "HUN"]
[SourceTitle "EXT 2017"]
[Source "ChessBase"]
[SourceDate "2016.10.25"]
[SourceVersion "1"]
[SourceVersionDate "2016.10.25"]
[SourceQuality "1"]
[WhiteTeam "Toth Laszlo II"]
[BlackTeam "Gyula"]
[WhiteTeamCountry "HUN"]
[BlackTeamCountry "HUN"]

1. d4 Nf6 2. c4 g6 3. Nf3 Bg7 4. g3 0-0 5. Bg2 d5 6. Nbd2 Bf5 7. 0-0 Re8 8. b3 c5 9. Bb2 Ne4 10. e3 Nc6 11. cxd5 Nb4 12. Nh4 Nxd2 13. Qxd2 Bg4 14. dxc5 Bxb2 15. Qxb2 Nxd5 16. Qd4 Be6 17. Rfd1 Nf6 18. Bxb7 Qxd4 19. Rxd4 Rab8 20. c6 Nd5 21. Nf3 Nc3 22. Rd3 Nb5 23. Rc1 Nd6 24. Nd4 Bd5 25. Nb5 Nxb5 26. Rxd5 Nd6 27. Ba6 Rb6 28. Be2 Rc8 29. Rdc5 Rc7 30. Bf3 Ra6 31. R1c2 Rb6 32. Rd2 Kg7 33. e4 Rcxc6 34. Rxc6 Rxc6 35. e5 Rc1+ 36. Kg2 Nf5 37. Be4 e6 38. Rd7 a5 39. Bxf5 gxf5 40. Rd2 Kg6 41. Rb2 Re1 42. f4 Re4 43. Kf2 h5 44. h4 Kg7 45. a3 Kf8 46. b4 Ke7 47. bxa5 Ra4 48. Rb7+ Kf8 49. Rb8+ Kg7 50. Ra8 Rxa3 51. a6 f6 52. exf6+ Kxf6 53. a7 Kg7 54. Ke2 Kh7 55. Kd2 Ra4 56. Kc3 1-0

[Event "HUN-chT2 Toth 1516"]
[Site "Hungary"]
[Date "2016.02.14"]
[Round "7.9"]
[White "Ottlakan, Peter"]
[Black "Vanya, Janos"]
[Result "1/2-1/2"]
[WhiteElo "1791"]
[BlackElo "1921"]
[PlyCount "102"]
[EventDate "2015.09.13"]
[EventType "team-tourn"]
[EventRounds "11"]
[EventCountry "HUN"]
[SourceTitle "EXT 2017"]
[Source "ChessBase"]
[SourceDate "2016.10.25"]
[SourceVersion "1"]
[SourceVersionDate "2016.10.25"]
[SourceQuality "1"]
[WhiteTeam "Gyula"]
[BlackTeam "Maroczy II"]
[WhiteTeamCountry "HUN"]
[BlackTeamCountry "HUN"]

1. d4 Nf6 2. Nf3 g6 3. Bf4 Bg7 4. e3 0-0 5. Be2 d5 6. 0-0 b6 7. h3 Bb7 8. c4 Nbd7 9. Nc3 c5 10. Qb3 cxd4 11. exd4 dxc4 12. Qxc4 Ne4 13. Rad1 Nxc3 14. bxc3 Nf6 15. Ne5 Bd5 16. Qb4 e6 17. Bb5 Qc8 18. c4 Be4 19. f3 Bb7 20. Bg5 a6 21. Ba4 b5 22. cxb5 Nd5 23. Qd6 f6 24. Rc1 Qe8 25. bxa6 Rxa6 26. Qxa6 Bxa6 27. Bxe8 Rxe8 28. Rfe1 fxe5 29. dxe5 Nb4 30. Re3 h6 31. Bf6 Bxf6 32. exf6 Kf7 33. Rd1 Kxf6 34. a3 Nc6 35. Rd6 Bb7 36. Rc3 Ne5 37. f4 Nf7 38. Rd7 Bd5 39. Rcc7 Nh8 40. a4 Kf5 41. g3 Ke4 42. Kf2 Rb8 43. Rc2 Kd3 44. Re2 Kc4 45. Rc7+ Kd4 46. a5 g5 47. fxg5 Rf8+ 48. Ke1 hxg5 49. Rg7 Ra8 50. Rd2+ Ke4 51. Rxg5 Rxa5 1/2-1/2

[Event "HUN-chT2 Toth 1415"]
[Site "Hungary"]
[Date "2015.02.08"]
[Round "8.12"]
[White "Ottlakan, Peter"]
[Black "Fridrik, Richard"]
[Result "1/2-1/2"]
[WhiteElo "1668"]
[BlackElo "1634"]
[PlyCount "84"]
[EventDate "2014.09.07"]
[EventType "team-tourn"]
[EventRounds "11"]
[EventCountry "HUN"]
[SourceTitle "EXT 2016"]
[Source "ChessBase"]
[SourceDate "2015.10.08"]
[SourceVersion "1"]
[SourceVersionDate "2015.10.08"]
[SourceQuality "1"]
[WhiteTeam "Gyula"]
[BlackTeam "Roszke"]
[WhiteTeamCountry "HUN"]
[BlackTeamCountry "HUN"]

1. d4 d5 2. Nf3 Nf6 3. e3 e6 4. Be2 c5 5. b3 Nc6 6. Bb2 cxd4 7. exd4 Bd6 8. 0-0 0-0 9. Nbd2 b6 10. c4 Ba6 11. Re1 Rc8 12. Rc1 Ne4 13. cxd5 Bxe2 14. Qxe2 exd5 15. Nxe4 Re8 16. Qc2 dxe4 17. Rxe4 Ne5 18. Qxc8 Nxf3+ 19. gxf3 Qxc8 20. Rxc8 Rxc8 21. d5 f6 22. Re6 Bc5 23. Re1 Kf7 24. Kg2 Bb4 25. Re4 Rc2 26. Bxf6 Kxf6 27. Rxb4 Rxa2 28. Rc4 Re2 29. Rc7 Rd2 30. Rxa7 Rxd5 31. Rc7 Rb5 32. Rc3 Rc5 33. Rd3 Ke6 34. f4 Rd5 35. Rc3 g6 36. Kf3 Kf5 37. Kg3 Rb5 38. h3 Rb4 39. Rf3 h5 40. h4 b5 41. Rc3 Ke4 42. Re3+ Kf5 1/2-1/2

[Event "HUN-chT2 Toth 1415"]
[Site "Hungary"]
[Date "2014.12.14"]
[Round "6.11"]
[White "Perdi, Zsombor"]
[Black "Ottlakan, Peter"]
[Result "0-1"]
[WhiteElo "1608"]
[BlackElo "1668"]
[PlyCount "120"]
[EventDate "2014.09.07"]
[EventType "team-tourn"]
[EventRounds "11"]
[EventCountry "HUN"]
[SourceTitle "EXT 2016"]
[Source "ChessBase"]
[SourceDate "2015.10.08"]
[SourceVersion "1"]
[SourceVersionDate "2015.10.08"]
[SourceQuality "1"]
[WhiteTeam "Bekes"]
[BlackTeam "Gyula"]
[WhiteTeamCountry "HUN"]
[BlackTeamCountry "HUN"]

1. d4 Nf6 2. h3 g6 3. Bf4 Bg7 4. e3 d5 5. Bd3 0-0 6. Nd2 Nc6 7. c3 Re8 8. Ngf3 h6 9. 0-0 Nh5 10. Bh2 e5 11. dxe5 Nxe5 12. Nxe5 Bxe5 13. Bxe5 Rxe5 14. Nf3 Re8 15. Re1 Nf6 16. Qc2 Ne4 17. c4 c6 18. Rad1 Qf6 19. cxd5 cxd5 20. Bxe4 dxe4 21. Nd4 Qg5 22. Kh1 Be6 23. Nxe6 Rxe6 24. Rd7 Qb5 25. Qc7 Rf6 26. Rd8+ Rxd8 27. Qxd8+ Kg7 28. Qd4 Qf5 29. Re2 b6 30. Qc3 Qc5 31. Qxc5 bxc5 32. Rc2 Rf5 33. g4 Re5 34. Rc4 Kf6 35. Kg2 g5 36. Ra4 Re7 37. Ra6+ Kg7 38. Rc6 Rb7 39. Rxc5 Rxb2 40. a4 Rb4 41. Ra5 Rb7 42. Rc5 Rb4 43. Ra5 Rb7 44. Rd5 Rb4 45. Rd4 Rxd4 46. exd4 Kf6 47. Kf1 Ke6 48. Ke2 Kd5 49. Ke3 f6 50. a5 a6 51. Kd2 Kxd4 52. Ke2 Kd5 53. Kd2 Ke5 54. Kc3 Kf4 55. Kc4 Kf3 56. Kd4 Kxf2 57. Kxe4 Kg3 58. Kd5 Kxh3 59. Kc6 Kxg4 60. Kb6 h5 0-1

[Event "HUN-chT2 Toth 1415"]
[Site "Hungary"]
[Date "2014.11.30"]
[Round "5.10"]
[White "Balatoni, Gyorgy"]
[Black "Ottlakan, Peter"]
[Result "1/2-1/2"]
[WhiteElo "1791"]
[BlackElo "1668"]
[PlyCount "25"]
[EventDate "2014.09.07"]
[EventType "team-tourn"]
[EventRounds "11"]
[EventCountry "HUN"]
[SourceTitle "EXT 2016"]
[Source "ChessBase"]
[SourceDate "2015.10.08"]
[SourceVersion "1"]
[SourceVersionDate "2015.10.08"]
[SourceQuality "1"]
[WhiteTeam "Szentes"]
[BlackTeam "Gyula"]
[WhiteTeamCountry "HUN"]
[BlackTeamCountry "HUN"]

1. c4 Nf6 2. Nc3 g6 3. d4 d5 4. cxd5 Nxd5 5. Bd2 Bg7 6. e3 0-0 7. Nf3 c6 8. Be2 Re8 9. 0-0 e5 10. dxe5 Bxe5 11. Nxe5 Rxe5 12. a3 Bf5 13. Bf3 1/2-1/2

[Event "HUN-chT2 Toth 1314"]
[Site "Hungary"]
[Date "2014.03.23"]
[Round "9.12"]
[White "Boa, Bence"]
[Black "Ottlakan, Peter"]
[Result "1/2-1/2"]
[WhiteElo "1614"]
[BlackElo "1505"]
[PlyCount "35"]
[EventDate "2013.09.08"]
[EventType "team-tourn"]
[EventRounds "11"]
[EventCountry "HUN"]
[SourceTitle "EXT 2016"]
[Source "ChessBase"]
[SourceDate "2015.10.08"]
[SourceVersion "1"]
[SourceVersionDate "2015.10.08"]
[SourceQuality "1"]
[WhiteTeam "Szeged Maroczy II"]
[BlackTeam "Gyula"]
[WhiteTeamCountry "HUN"]
[BlackTeamCountry "HUN"]

1. d4 Nf6 2. c4 g6 3. Nc3 d5 4. cxd5 Nxd5 5. e4 Nxc3 6. bxc3 Bg7 7. Nf3 c5 8. Bb5+ Bd7 9. Bxd7+ Nxd7 10. 0-0 0-0 11. e5 e6 12. Bg5 Qa5 13. Qb3 Qb6 14. Rab1 Qxb3 15. Rxb3 b6 16. Rd1 Rfe8 17. Be3 Rac8 18. Ne1 1/2-1/2

[Event "HUN-chT2 Toth 1314"]
[Site "Hungary"]
[Date "2014.02.16"]
[Round "7.11"]
[White "Ottlakan, Peter"]
[Black "Hos, Daniel Dominik"]
[Result "1/2-1/2"]
[WhiteElo "1505"]
[BlackElo "1653"]
[PlyCount "90"]
[EventDate "2013.09.08"]
[EventType "team-tourn"]
[EventRounds "11"]
[EventCountry "HUN"]
[SourceTitle "EXT 2016"]
[Source "ChessBase"]
[SourceDate "2015.10.08"]
[SourceVersion "1"]
[SourceVersionDate "2015.10.08"]
[SourceQuality "1"]
[WhiteTeam "Gyula"]
[BlackTeam "Roszke"]
[WhiteTeamCountry "HUN"]
[BlackTeamCountry "HUN"]

1. d4 e6 2. Nf3 Nf6 3. e3 a6 4. b3 d5 5. Bd3 Bd6 6. 0-0 0-0 7. Bb2 Re8 8. Re1 Bd7 9. c4 dxc4 10. bxc4 c5 11. Nc3 Bc6 12. Rb1 Qc7 13. h3 Nbd7 14. Qe2 b6 15. Red1 Re7 16. Bc2 Qb7 17. Na4 Bxf3 18. Qxf3 Qxf3 19. gxf3 b5 20. dxc5 Nxc5 21. Rxd6 bxa4 22. Ba3 Rc7 23. Bxc5 Rxc5 24. Rxa6 Rcc8 25. Rxa4 g6 26. Rxa8 Rxa8 27. a4 Nd7 28. Rb5 Kf8 29. a5 Ke7 30. Ba4 Kd6 31. f4 Nc5 32. Bc2 f5 33. f3 Ra7 34. e4 Nb7 35. a6 Nc5 36. Rb6+ Kc7 37. Rb5 Nxa6 38. exf5 gxf5 39. Kf2 Kd6 40. Rb6+ Ke7 41. Ke3 Nc5 42. Kd4 Nd7 43. Rb5 Ra2 44. Bb3 Kd6 45. c5+ Kc6 1/2-1/2

[Event "HUN-chT2 Toth 1314"]
[Site "Hungary"]
[Date "2013.11.03"]
[Round "4.11"]
[White "Pasztor, Attila"]
[Black "Ottlakan, Peter"]
[Result "1-0"]
[WhiteElo "1862"]
[BlackElo "1505"]
[PlyCount "117"]
[EventDate "2013.09.08"]
[EventType "team-tourn"]
[EventRounds "11"]
[EventCountry "HUN"]
[SourceTitle "EXT 2016"]
[Source "ChessBase"]
[SourceDate "2015.10.08"]
[SourceVersion "1"]
[SourceVersionDate "2015.10.08"]
[SourceQuality "1"]
[WhiteTeam "Ujszasz"]
[BlackTeam "Gyula"]
[WhiteTeamCountry "HUN"]
[BlackTeamCountry "HUN"]

1. d4 Nf6 2. c4 c5 3. Nf3 cxd4 4. Nxd4 e5 5. Nb3 Be7 6. Nc3 0-0 7. e4 Nc6 8. Bd3 d6 9. 0-0 Bg4 10. f3 Be6 11. Be3 Nb4 12. Rc1 b6 13. a3 Na6 14. Nd5 Nc5 15. Nxc5 bxc5 16. b4 Bxd5 17. exd5 Nd7 18. b5 Bg5 19. Bxg5 Qxg5 20. a4 f5 21. Qc2 Rf6 22. f4 exf4 23. Qf2 Ne5 24. Be2 Rg6 25. h4 Qg3 26. Qxg3 fxg3 27. Rxf5 Rf8 28. Rcf1 Rxf5 29. Rxf5 Rf6 30. Rxf6 gxf6 31. a5 Nd7 32. Bg4 Nb8 33. Kf1 Kg7 34. Bf5 Kh6 35. Ke2 Kh5 36. Bxh7 Kxh4 37. Bf5 Kg5 38. Bc8 Kf4 39. a6 Ke4 40. b6 Nxa6 41. Bxa6 axb6 42. Bb5 f5 43. Ba6 f4 44. Bb5 Ke5 45. Kf3 Kf5 46. Ba4 Ke5 47. Bd1 Kf5 48. Ke2 Ke4 49. Kd2 Kd4 50. Be2 Ke4 51. Kc3 Ke5 52. Kd3 Kf5 53. Bf3 Ke5 54. Bg4 b5 55. cxb5 Kxd5 56. Bf3+ Ke6 57. b6 Kd7 58. b7 Kc7 59. Bd5 1-0

[Event "HUN-chT2 Toth 1314"]
[Site "Hungary"]
[Date "2013.09.08"]
[Round "1.11"]
[White "Ottlakan, Peter"]
[Black "Nagy, Viktor"]
[Result "1/2-1/2"]
[WhiteElo "1505"]
[BlackElo "1726"]
[PlyCount "27"]
[EventDate "2013.09.08"]
[EventType "team-tourn"]
[EventRounds "11"]
[EventCountry "HUN"]
[SourceTitle "EXT 2016"]
[Source "ChessBase"]
[SourceDate "2015.10.08"]
[SourceVersion "1"]
[SourceVersionDate "2015.10.08"]
[SourceQuality "1"]
[WhiteTeam "Gyula"]
[BlackTeam "Szentes"]
[WhiteTeamCountry "HUN"]
[BlackTeamCountry "HUN"]

1. d4 Nf6 2. Nf3 g6 3. e3 Bg7 4. Be2 0-0 5. 0-0 d5 6. b3 Bf5 7. Bb2 Ne4 8. Nbd2 Nxd2 9. Qxd2 Bg4 10. h3 Bxf3 11. Bxf3 e6 12. c4 c6 13. Qb4 b6 14. Ba3 1/2-1/2